000 00855nam a2200205 a 4500
003 0
005 20250410145416.0
008 970101s19uu xx 00 eng d
050 _aPGS GV 1469.34.E75
_b.P235 2004
100 _aPark, Suyoung.
245 _aThe effects of video games on the academic performance of Grade six male students of Southville International School and Colleges /
_cSuyoung Park.
260 _aLas Piñas City, Philippines :
_bSouthville International School and Colleges,
_c2004.
300 _a22 pages :
_billustrations ;
_c28 cm.
504 _aIncludes bibliographical references.
650 _aVideo games
_vPsychological aspects.
650 _aAcademic achievement
_vPsychological aspects.
650 _aEducation, Elementary
_vEffect of video games on.
650 _aBoys—Education (Elementary).
942 _2lcc
_cPASS
999 _c97042
_d97042